000 01137cab a2200397 4500
001 ABS53340
008 090401t1995 xxu||||| |||| 00| 0 eng d
035 _a(Sirsi) u3643
041 _aeng
245 _aSpecial report: development corporations
260 _c1995
350 _a0
490 _aProperty Week
_v52(4) 27 July 1995, 34-43(7)
520 _aInvestigates EU funding for urban regeneration schemes and the independence of UDCs from government influence. Brief biographical details of UDC chiefs.
650 _aBALLS ALISTAIR
650 _aBEESTON JIM
650 _aBOYCE MICHAEL
650 _aCOLLINGE MILES
650 _aEU FUNDING
650 _aEUROPEAN SOCIAL FUND
650 _aFARROW CHRIS
650 _aGLESTER JOHN
650 _aHALL DUNCAN
650 _aKENDALL GRAHAM
650 _aMORGAN DAVID
650 _aPRIVATE SECTOR
650 _aPROFILE
650 _aSHIELDS MICHAEL
650 _aSORENSEN ERIC
650 _aURBAN DEVELOPMENT CORPORATIONS
650 _aURBAN REGENERATION
650 _aWOODHALL DAVID
690 _aURBAN RENEWAL
942 _n0
948 _c04/03/1997
999 _c2237
_d2237